R (on the application of Lemon Land Ltd) v Hackney LBC (Record no. 69434)
[ view plain ]
| 000 -LEADER | |
|---|---|
| fixed length control field | 01539cam a2200241 4500 |
| 001 - CONTROL NUMBER | |
| control field | ABS65056 |
| 008 - FIXED-LENGTH DATA ELEMENTS--GENERAL INFORMATION | |
| fixed length control field | 020205n2002 000 0 eng u |
| 035 ## - SYSTEM CONTROL NUMBER | |
| System control number | (Sirsi) u116610 |
| 245 ## - TITLE STATEMENT | |
| Title | R (on the application of Lemon Land Ltd) v Hackney LBC |
| 260 ## - PUBLICATION, DISTRIBUTION, ETC. | |
| Date of publication, distribution, etc. | 2002 |
| 490 ## - SERIES STATEMENT | |
| Series statement | Estates Gazette |
| Volume/sequential designation | [2002] 03 EG 128-130(3) |
| 520 ## - SUMMARY, ETC. | |
| Summary, etc. | "R (on the application of Lemon Land Ltd) v Hackney LBC" QBD, 11 May 2001, which examined the issue of whether Hackney LBC (H) could sell land at a lower price because the bidder offered economic benefit in the form of employment creation rather than a higher bidder, Lemon Land Ltd (L), that wanted the land for residential development. H proposed to sell development land (capable of both residential and employment-creation development), to the London Development Agency (LDA) who could pay a price reflecting the land's non-residential value but L made a higher offer close to the open-market value of the land for residential use. L applied for a judicial review of H's decision to sell the land to LDA without seeking the consent of the Secretary of State. Held: the application was allowed; L was entitled to the same benefits as offered LDA under the Local Government Act 1972 s123(2). |
| 590 ## - LOCAL NOTE (RLIN) | |
| Local note | ABS |
| 650 ## - SUBJECT ADDED ENTRY--TOPICAL TERM | |
| Topical term or geographic name entry element | R V HACKNEY LBC EX P LEMON LAND LTD |
| 650 ## - SUBJECT ADDED ENTRY--TOPICAL TERM | |
| Topical term or geographic name entry element | SALE OF LAND |
| 650 ## - SUBJECT ADDED ENTRY--TOPICAL TERM | |
| Topical term or geographic name entry element | DEVELOPMENT LAND |
| 650 ## - SUBJECT ADDED ENTRY--TOPICAL TERM | |
| Topical term or geographic name entry element | ECONOMIC ISSUES |
| 650 ## - SUBJECT ADDED ENTRY--TOPICAL TERM | |
| Topical term or geographic name entry element | LAND VALUES |
| 650 ## - SUBJECT ADDED ENTRY--TOPICAL TERM | |
| Topical term or geographic name entry element | LOCAL GOVERNMENT ACT 1972 s123(2) |
| 650 ## - SUBJECT ADDED ENTRY--TOPICAL TERM | |
| Topical term or geographic name entry element | EMPLOYMENT CREATION |
| 690 ## - LOCAL SUBJECT ADDED ENTRY--TOPICAL TERM (OCLC, RLIN) | |
| Topical term or geographic name as entry element | LAW |
| 942 ## - ADDED ENTRY ELEMENTS (KOHA) | |
| Suppress in OPAC | 0 |
| Withdrawn status | Lost status | Source of classification or shelving scheme | Damaged status | Not for loan | Home library | Current library | Shelving location | Date acquired | Total Checkouts | Full call number | Barcode | Date last seen | Copy number | Price effective from | Koha item type |
|---|---|---|---|---|---|---|---|---|---|---|---|---|---|---|---|
| Dewey Decimal Classification | London | London | Journal article | 06/02/2002 | ABS65056 | 116610-1001 | 06/08/2019 | 1 | 06/08/2019 | Law report |